| 000 | 01413nam a2200289 a 4500 | ||
|---|---|---|---|
| 001 | 000041030 | ||
| 005 | 20201002034550.0 | ||
| 008 | 090819s1996 sp 001 0 spa d | ||
| 020 | _a840007596X | ||
| 040 |
_aDO-SdBNP _bspa _cBNPHU |
||
| 082 |
_axxxx _bC322c |
||
| 245 | 0 | 0 |
_aCartas de cabildos hispanoaméricanos : _baudiencia de Santa Fe / _cHa colaborado en los índices de este tomo Ángeles Flores Moscoso; edición Javier Ortíz de la Tabla Bucasse, Montserrat Fernández Martínez , Águeda Rivera Garrido. |
| 260 |
_aSevilla : _bEscuela de Estudios Hipanoamericanos : _bConsejo Superior de Investigaciones Sientíficas (España), _c1996. |
||
| 300 |
_av. (278), p. ; _c25 cm. |
||
| 490 | 1 |
_aPublicaciones de la Escuela de Estudios Hispano-Americanos de Sevilla _v386 |
|
| 500 | _aIncluye índice onomástico | ||
| 500 | _aPublicación conmemorativa del v Centenario | ||
| 505 | 0 |
_gv. 1: _tSanta Fe de Bogotá(siglos XVI-XIX) |
|
| 700 | 1 |
_aOrtíz de la Tabla, Javier _eed. _915385 |
|
| 700 | 1 |
_aFernández Martínez, Montserrat _eed. _967509 |
|
| 700 | 1 |
_aRivera Garrido, Águeda _eed. _967500 |
|
| 700 | 1 |
_aFlores Moscoso, Ángeles _ecool _967510 |
|
| 710 | 2 |
_aEscuela de Estudios Hipanoamericanos _967511 |
|
| 710 | 2 |
_aConsejo Superior de Investigaciones Sientíficas (España) _963726 |
|
| 830 | 0 |
_aPublicaciones de la Escuela de Estudios Hispano-Americanos de Sevilla _v386 _930488 |
|
| 049 | _aBNPD | ||
| 999 |
_c40520 _d40520 |
||